000 00365 a2200169 4500
245 _aEndoscopie et biopsie de l'intestin
100 _aBeck, K.
700 _aDischler, W.
700 _aHelms, M.
260 _c1974
300 _aXII-357 p.
035 _a0518
035 _a2472
999 _c17517
_d17517